Central Library OPAC University of Rajshahi

The East Pakistan Code / (Record no. 46839)

MARC details
000 -LEADER
fixed length control field 00825nam a2200229 4500
001 - CONTROL NUMBER
control field 46839
003 - CONTROL NUMBER IDENTIFIER
rucl marc code BD-RJUL
005 - DATE AND TIME OF LATEST TRANSACTION
control field 20211209054219.0
008 - FIXED-LENGTH DATA ELEMENTS--GENERAL INFORMATION
fixed length control field 160804s1962 enkabc 000 0 eng d
035 ## - SYSTEM CONTROL NUMBER
System control number BD-RJUL 46958
040 ## - CATALOGING SOURCE
Original cataloging agency BD-RjUL
Language of cataloging eng
Transcribing agency BD-RjUL
041 ## - LANGUAGE CODE
Language code of text/sound track or separate title eng
082 ## - DEWEY DECIMAL CLASSIFICATION NUMBER
Edition number 23
Classification number 340.95492
Author mark and year EAS 1962
100 1# - MAIN ENTRY--PERSONAL NAME
Dates associated with a name 1890-1978
9 (RLIN) 137527
245 14 - TITLE STATEMENT
Title The East Pakistan Code /
Statement of responsibility, etc. Government of east pakistan
260 ## - PUBLICATION, DISTRIBUTION, ETC. (IMPRINT)
Place of publication, distribution, etc. Lahore :
Name of publisher, distributor, etc. Tom Stacey,
Date of publication, distribution, etc. 1962
300 ## - PHYSICAL DESCRIPTION
Pagination V. :
Illustrations ill. ;
Size 23 cm
505 0# - FORMATTED CONTENTS NOTE
Formatted contents note Vol. 1 (Bengal regulations 1793 to 1933) -- V. 3 (Bengal Acts 1890 to 1919)-- V. 4 (Bengal acts 1920 to 1930) -- V. 5 (Bengal acts1931 to 1938)-- V. 6 (Bengal Acts and Regulations, 1939 to 1947, up to 14-08-1947)--
650 ## - SUBJECT ADDED ENTRY--TOPICAL TERM
Topical term or geographic name as entry element Law
Geographic subdivision Bangladesh.
9 (RLIN) 142695
942 ## - ADDED ENTRY ELEMENTS (KOHA)
Source of classification or shelving scheme Dewey Decimal Classification
Koha item type Books
Holdings
Lost status Source of classification or shelving scheme Damaged status Not for loan Collection code Permanent Location Current Location Shelving location Date acquired Source of acquisition Cost, normal purchase price Total Checkouts Full call number Date last seen Copy number Koha item type
  Dewey Decimal Classification     Non-fiction Central Library, University of Rajshahi Central Library, University of Rajshahi   16/08/1968 Warri Book 3.00   340.95492 EAS V-4 1962 04/08/2016 C-2 Books
  Dewey Decimal Classification     Non-fiction Central Library, University of Rajshahi Central Library, University of Rajshahi   16/08/1968 Warri Book 3.00   340.95492 EAS V-2 1962 04/08/2016 C-2 Books
  Dewey Decimal Classification     Non-fiction Central Library, University of Rajshahi Central Library, University of Rajshahi   16/08/1968 Warri Book 3.00   340.95492 EAS V-1 1964 03/09/2016 C-2 Books
  Dewey Decimal Classification     Non-fiction Central Library, University of Rajshahi Central Library, University of Rajshahi   16/08/1968 Warri Book 3.00   340.95492 EAS V-6 1961 03/09/2016 C-2 Books
  Dewey Decimal Classification     Non-fiction Central Library, University of Rajshahi Central Library, University of Rajshahi   16/08/1962 Warri Book 5.75   340.95492 EAS V-3 1963 03/09/2016 C-2 Books
  Dewey Decimal Classification     Non-fiction Central Library, University of Rajshahi Central Library, University of Rajshahi   16/10/1973 Gonather wren & co. 52.62   340.95492 EAS V-5 1962 06/09/2016 C-2 Books